Tối ưu hóa quy trình tạo sợi và khả năng nhuộm màu tự nhiên của sợi từ thân cây chuối : Luận văn thạc sĩ - Chuyên ngành: Kỹ thuật Hóa học

Guardat en:
Dades bibliogràfiques
Autor principal: Thái, Minh Hiếu
Format: Luận văn
Idioma:Undetermined
Publicat: Đại học Công Nghiệp TP. Hồ Chí Minh 2022
Matèries:
Accés en línia:https://opac.iuh.edu.vn/TraCuuTaiLieuSo2XemChiTiet.aspx?Id=118563
Etiquetes: Afegir etiqueta
Sense etiquetes, Sigues el primer a etiquetar aquest registre!
Thư viện lưu trữ: Trung tâm Thư viện - Trường Đại học Công nghiệp TP. Hồ Chí Minh
LEADER 00787nam a2200169Ia 4500
001 UIH_02339
008 230809s9999 xx 000 0 und d
082 |a 660.2 
100 |a Thái, Minh Hiếu 
245 0 |a Tối ưu hóa quy trình tạo sợi và khả năng nhuộm màu tự nhiên của sợi từ thân cây chuối : Luận văn thạc sĩ - Chuyên ngành: Kỹ thuật Hóa học 
245 0 |c Thái, Minh Hiếu 
260 |b Đại học Công Nghiệp TP. Hồ Chí Minh 
260 |c 2022 
650 |a Kỹ thuật hóa học; 
856 |u https://opac.iuh.edu.vn/TraCuuTaiLieuSo2XemChiTiet.aspx?Id=118563 
927 |a Luận văn 
980 |a Trung tâm Thư viện - Trường Đại học Công nghiệp TP. Hồ Chí Minh